| 000 | 00634nam a22002177a 4500 | ||
|---|---|---|---|
| 005 | 20170124110123.0 | ||
| 010 | _aA-688479 | ||
| 020 |
_c00.00 _a0863113451 |
||
| 035 | _aA-688479 | ||
| 037 | _bCen Lib/Ret | ||
| 040 |
_aDPL _bEN |
||
| 082 |
_aS _bKAN |
||
| 100 |
_aKannan, Lakshmi _931040 |
||
| 245 |
_aIndia Gate and other stories / _cby Lakshmi Kannan |
||
| 260 |
_aNew Delhi _bOrient Longman _c1993 |
||
| 270 |
_bNew Delhi _a1/24, Asaf Ali Road _e110002 |
||
| 300 |
_a159p. _c22cm(Hb) |
||
| 650 |
_aKannan, Lakshmi -- Translations into English _931041 |
||
| 650 |
_aShort stories, Tamil _9107344 |
||
| 942 |
_2ddc _cEN _hS _mKAN |
||
| 999 |
_c131169 _d131169 |
||